| 000 | 00994nam0a22002531 4500 | ||
|---|---|---|---|
| 001 | rc\4284610 | ||
| 005 | 20260407212224.0 | ||
| 021 |
_aRU _bРг2185-69 |
||
| 035 | _a(NLR Aleph) 008248425 | ||
| 090 |
_a8320351 _c8320351 |
||
| 100 | _a20130416d1968 |||y0rusy50 ca | ||
| 101 | 0 | _arus | |
| 102 | _aRU | ||
| 105 | _aa z ||||| | ||
| 200 | 1 |
_aАннотированный перечень патентов Великобритании _fМ-во легкой пром-сти УССР. ЦБТИ _iШвейное производство |
|
| 210 |
_aЛьвов _cБ. и. _d1968 |
||
| 215 |
_a31 с. _cчерт. _d20 |
||
| 300 | _aОтпеч. множит. аппаратом | ||
| 712 | 0 | 1 |
_aУССР _bМинистерство легкой промышленности _bЦентральное бюро технической информации _3RU\NLR\AUTH\8810141426 _9777657 |
| 801 | 0 |
_aRU _bNLR _gpsbo |
|
| 801 | 1 |
_aRU _bELAR _2rusmarc |
|
| 852 |
_aNLR _jПт 56-1/241 |
||
| 942 | _cBOOK | ||
| 980 | _aNB | ||